000 004540000a22001810004500
003 MACL
005 20160129115040.0
008 160129b xxu||||| |||| 00| 0 eng d
040 _aMACL
_cMACL
041 _aEnglish
082 _a510
100 _aKumar, Romesh
_935211
245 _aObjective Mathematics Vol II
_bIIT/AIEEE
260 _bPradeep publication
_c2010
_aJalandhar
350 _a533
650 _aMathematics
_95682
942 _cBK
_k510
_2ddc
999 _c45643
_d45643